<?xml version="1.0" encoding="UTF-8"?>
<record
    xmlns:xsi="http://www.w3.org/2001/XMLSchema-instance"
    xsi:schemaLocation="http://www.loc.gov/MARC21/slim http://www.loc.gov/standards/marcxml/schema/MARC21slim.xsd"
    xmlns="http://www.loc.gov/MARC21/slim">

  <leader>01354nam a2200253Ia 4500</leader>
  <controlfield tag="005">20220317000456.0</controlfield>
  <controlfield tag="008">160315s2008    pe     g      000 0 spa  </controlfield>
  <datafield tag="020" ind1=" " ind2=" ">
    <subfield code="a">9789942015846 (obra completa)</subfield>
  </datafield>
  <datafield tag="082" ind1="0" ind2="4">
    <subfield code="a">621.436</subfield>
    <subfield code="b">M67m</subfield>
  </datafield>
  <datafield tag="100" ind1="1" ind2=" ">
    <subfield code="a">Moreno S&#xE1;nchez, Gabriel Felipe</subfield>
  </datafield>
  <datafield tag="245" ind1="1" ind2="0">
    <subfield code="a">Motores diesel</subfield>
    <subfield code="b">manual de mantenimiento y reparaci&#xF3;n</subfield>
    <subfield code="c">Gabriel Felipe Moreno S&#xE1;nchez, Luis Gabriel Castro Moreno ; ilustraciones Daniel Andr&#xE9;s Becerra Mateus, Ricardo H&#xE9;rnan Ram&#xED;rez Gallo</subfield>
  </datafield>
  <datafield tag="250" ind1=" " ind2=" ">
    <subfield code="a">1a. edici&#xF3;n</subfield>
  </datafield>
  <datafield tag="300" ind1=" " ind2=" ">
    <subfield code="a">3 vol&#xFA;menes</subfield>
    <subfield code="b">ilustraciones</subfield>
    <subfield code="c">29 cm</subfield>
    <subfield code="e">1 DVD</subfield>
  </datafield>
  <datafield tag="500" ind1=" " ind2=" ">
    <subfield code="a">Incluye glosario</subfield>
  </datafield>
  <datafield tag="505" ind1=" " ind2=" ">
    <subfield code="a">volumen.1 Funcionamiento de los motores diesel. -- volumen2 Diferencias mec&#xE1;nicas entre el motor diesel y el motor de gasolina -- Sensores -- Lubricaci&#xF3;n del motor sistemas alternos del motor diesel -- volumen.3 Mantenimiento y reparici&#xF3;n de los motores diesel -- An&#xE1;lisis de fallas en los motores diesel</subfield>
  </datafield>
  <datafield tag="505" ind1=" " ind2=" ">
    <subfield code="a">El DVD contiene : Funcionamiento de los motores diesel, detecci&#xF3;n de fallas en motores diesel y glosario de t&#xE9;rminos</subfield>
  </datafield>
  <datafield tag="650" ind1="1" ind2="4">
    <subfield code="2">LEMB</subfield>
    <subfield code="a">Motores diesel</subfield>
    <subfield code="x">Mantenimiento y reparaci&#xF3;n</subfield>
  </datafield>
  <datafield tag="942" ind1=" " ind2=" ">
    <subfield code="2">ddc</subfield>
    <subfield code="c">BK</subfield>
  </datafield>
  <datafield tag="264" ind1=" " ind2=" ">
    <subfield code="a">[Lima]</subfield>
    <subfield code="b">Diseli Editoires</subfield>
    <subfield code="c">2008</subfield>
  </datafield>
  <datafield tag="336" ind1=" " ind2=" ">
    <subfield code="a">texto</subfield>
    <subfield code="b">txt</subfield>
    <subfield code="2">rdacontent</subfield>
  </datafield>
  <datafield tag="337" ind1=" " ind2=" ">
    <subfield code="a">sin mediaci&#xF3;n</subfield>
    <subfield code="b">n</subfield>
    <subfield code="2">rdamedia</subfield>
  </datafield>
  <datafield tag="338" ind1=" " ind2=" ">
    <subfield code="a">volumen</subfield>
    <subfield code="b">nc</subfield>
    <subfield code="2">rdacarrier</subfield>
  </datafield>
  <datafield tag="040" ind1=" " ind2=" ">
    <subfield code="a">CO-BoRNBP</subfield>
    <subfield code="b">spa</subfield>
    <subfield code="e">rda</subfield>
    <subfield code="c">CO-BoRNBP</subfield>
  </datafield>
  <datafield tag="999" ind1=" " ind2=" ">
    <subfield code="c">4153</subfield>
    <subfield code="d">4153</subfield>
  </datafield>
</record>
